It looks like you're offline.
Open Library logo
additional options menu

MARC Record from Scriblio

Record ID marc_records_scriblio_net/part05.dat:29669108:582
Source Scriblio
Download Link /show-records/marc_records_scriblio_net/part05.dat:29669108:582?format=raw

LEADER: 00582cam 22001931 4500
001 61000954
003 DLC
005 20050113123419.0
008 720725t19611949nyu 000 1 eng
010 $a 61000954
035 $a(OCoLC)365153
040 $aDLC$cODaWU$dOCoLC$dDLC
050 00 $aPZ3.S6737$bTi3$aPR6037.N58
100 1 $aSnow, C. P.$q(Charles Percy),$d1905-
245 10 $aTime of hope.
260 $aNew York,$bScribner$c[1961,c1949]
300 $a408 p.$c22 cm.
490 1 $aHis Strangers and brothers [3]
800 1 $aSnow, C. P.$q(Charles Percy),$d1905-$tStrangers and brothers [3]